00156 a2200073 450000100060000010000120000624500360001826000280005445962 aHerbert aThe modern fundamentals of golf aLondonbNicbolas kayec